000 00479nam a2200181Ia 4500
001 25443
005 20260414151150.0
008 260414t2019||||xx |||||||||||||| ||spa||
041 _aESP
082 _a346.5
_bT19N
100 _aTantaleán Odar, Reynaldo Mario
_eAUT
245 0 _aLa nulidad del acto jurídico y las incoherencias en su tratamiento
_b
260 _c2019
300 _a860 páginas :
_c25 cm.
650 _aDER
654 _aCDE
942 _cLIB
_dJUS
_fJUS
_2ddc
_n
999 _c25443
_d25443